000 00582nam a2200181 i 4500
001 46421
003 ES-MaACL
007 t|
008 030328s1986 sp ||||1| spa d
020 _a84-309-1235-5
245 0 0 _aComentarios a la Ley de libertad sindical
_b: Ley Orgánica 11/1985 de libertad sindical /
_cMiguel Rodríguez-Piñero, coordinador.
260 _aMadrid :
_bTecnos,
_c1986.
300 _a410 p. ;
_c25 cm.
500 _aIndice.
500 _aAp. legislativo: p. 367-404.
700 1 _aRodríguez-Piñero, Miguel.
_998735
852 _aES-MaACL
_jG-1681
_bR.114183
999 _c46421
_d46421